<?xml version="1.0" encoding="UTF-8"?>
<record
    xmlns:xsi="http://www.w3.org/2001/XMLSchema-instance"
    xsi:schemaLocation="http://www.loc.gov/MARC21/slim http://www.loc.gov/standards/marcxml/schema/MARC21slim.xsd"
    xmlns="http://www.loc.gov/MARC21/slim">

  <leader>01945nam a2200241 a 4500</leader>
  <controlfield tag="003">DO-SdBNP</controlfield>
  <controlfield tag="005">20211014141928.0</controlfield>
  <controlfield tag="007">ta</controlfield>
  <controlfield tag="008">211008e2016    dr ||||frgl|| 001 0 spa d</controlfield>
  <datafield tag="020" ind1=" " ind2=" ">
    <subfield code="a">9789945481778</subfield>
  </datafield>
  <datafield tag="040" ind1=" " ind2=" ">
    <subfield code="a">DO-SdBNP</subfield>
    <subfield code="b">spa</subfield>
    <subfield code="c">BNPHU</subfield>
  </datafield>
  <datafield tag="082" ind1=" " ind2="4">
    <subfield code="2">22</subfield>
    <subfield code="a">BNPHU</subfield>
    <subfield code="b">M671c</subfield>
  </datafield>
  <datafield tag="100" ind1="1" ind2=" ">
    <subfield code="a">Mirabal Vargas, Leonardo L.</subfield>
    <subfield code="9">80153</subfield>
  </datafield>
  <datafield tag="245" ind1="1" ind2="0">
    <subfield code="a">Compendio de legislaci&#xF3;n inmobiliaria de la Rep&#xFA;blica Dominicana y leyes complementarias /</subfield>
    <subfield code="c">Leonardo Mirabal Vargas</subfield>
  </datafield>
  <datafield tag="250" ind1=" " ind2=" ">
    <subfield code="a">5a. edici&#xF3;n revisada y actualizada.</subfield>
  </datafield>
  <datafield tag="260" ind1=" " ind2=" ">
    <subfield code="a">Santo Domingo :</subfield>
    <subfield code="b">Centenario SRL,</subfield>
    <subfield code="c">2016</subfield>
  </datafield>
  <datafield tag="300" ind1=" " ind2=" ">
    <subfield code="a">1070 p. :</subfield>
    <subfield code="b">il. ;</subfield>
    <subfield code="c">24 cm.</subfield>
  </datafield>
  <datafield tag="500" ind1=" " ind2=" ">
    <subfield code="a">Incluye biograf&#xED;a del autor en la contracubierta.</subfield>
  </datafield>
  <datafield tag="500" ind1=" " ind2=" ">
    <subfield code="a">Quinta edici&#xF3;n revisada y actualizada con: Resoluciones n&#xFA;mero 9-2009 que modifica tasas por servicios en la Jurisdicciones Inmobiliarias; 21-0313 sobre requisitos ante los registradores de t&#xED;tulos; 1419-2013 sobre procedimientos diversos ante los registradores de t&#xED;tulos y las Direcciones Regionales de Mensuras catastrales; 21-0313 Requisitos ante los registradores de t&#xED;tulos; 3764-2014 Soluciones de Mensuras Superpuestas y 001-2016 que modifica el reglamento de los Tribunales Superiores de Tierras y Tribunales de Jurisdicci&#xF3;n originales de la Jurisdicci&#xF3;n Inmobiliaria.</subfield>
  </datafield>
  <datafield tag="505" ind1="0" ind2=" ">
    <subfield code="a">Parte 1--</subfield>
    <subfield code="t">Reglamentos.-</subfield>
    <subfield code="g">Parte 2--</subfield>
    <subfield code="t">Resoluciones.--</subfield>
    <subfield code="g">Parte 3--</subfield>
    <subfield code="t">Resoluciones de la Direcci&#xF3;n Nacional de Registro de T&#xED;tulos.--</subfield>
    <subfield code="g">Parte 4--</subfield>
    <subfield code="t">Disposiciones del Comit&#xE9; T&#xE9;cnico de Registro de T&#xED;tulos.--</subfield>
    <subfield code="g">Parte 5--</subfield>
    <subfield code="t">Disposiciones T&#xE9;cnicas de Mensuras Catastrales.--</subfield>
    <subfield code="g">Parte 6--</subfield>
    <subfield code="t">Desiciones de la Mesa de Pol&#xED;ticas de la Jurisdicci&#xF3;n Inmobiliaria.--</subfield>
    <subfield code="g">Parte 7--</subfield>
    <subfield code="t">Circular Inspecci&#xF3;n Cartogr&#xE1;fica.--</subfield>
    <subfield code="g">Parte 8--</subfield>
    <subfield code="t">Resoluciones complementarias.--</subfield>
    <subfield code="g">Parte 9--</subfield>
    <subfield code="t">Leyes Complementarias.--</subfield>
    <subfield code="g">Parte 10--</subfield>
    <subfield code="t">Leyes Supletorias--</subfield>
    <subfield code="g">Parte 11--</subfield>
    <subfield code="t">Otros asuntos de inter&#xE9;s en la Jurisdicci&#xF3;n Inmobiliaria.</subfield>
  </datafield>
  <datafield tag="590" ind1=" " ind2=" ">
    <subfield code="a">Inventariado 2021 / MF</subfield>
  </datafield>
  <datafield tag="942" ind1=" " ind2=" ">
    <subfield code="2">ddc</subfield>
    <subfield code="c">LBS1</subfield>
  </datafield>
  <datafield tag="952" ind1=" " ind2=" ">
    <subfield code="0">0</subfield>
    <subfield code="1">0</subfield>
    <subfield code="2">ddc</subfield>
    <subfield code="5">1</subfield>
    <subfield code="7">0</subfield>
    <subfield code="8">PD</subfield>
    <subfield code="a">BNPHU</subfield>
    <subfield code="b">BNPHU</subfield>
    <subfield code="c">HD</subfield>
    <subfield code="d">2018-09-18</subfield>
    <subfield code="e">Dep&#xF3;sito legal </subfield>
    <subfield code="o">BNPHU M671c</subfield>
    <subfield code="p">2021-27285</subfield>
    <subfield code="r">2021-10-08</subfield>
    <subfield code="w">2021-10-08</subfield>
    <subfield code="y">LBS1</subfield>
  </datafield>
  <datafield tag="999" ind1=" " ind2=" ">
    <subfield code="c">50725</subfield>
    <subfield code="d">50725</subfield>
  </datafield>
</record>
